000 00486nam a2200181Ia 4500
008 090123s9999 xx 000 0 und d
082 _b34
_a891.463/फडके
100 _aफडके ना. सी.
245 _aपतंग
250 _a3
260 _bकुलकर्णी अ.अ.
_c1962
300 _a211
600 _aफडके ना. सी.
630 _aपतंग
700 _aफडके ना. सी.
730 _aपतंग
942 _cBOOK
999 _c38123
_d38123